| 000 | 01639nam a2200397Ia 4500 | ||
|---|---|---|---|
| 003 | OSt | ||
| 005 | 20210419060033.0 | ||
| 006 | m d | ||
| 007 | cr cnu|||||||| | ||
| 008 | 160302s2016 enk d eng d | ||
| 020 | _a9781118512067 | ||
| 020 | _a1118512065 | ||
| 035 | _a(OCoLC)919860742 | ||
| 040 | _cDLC | ||
| 049 |
_aYYEA _aVZYM |
||
| 080 |
_a616.3 _b Y-17 |
||
| 099 | _aINTERNET LINK | ||
| 245 | 1 | 0 |
_aYamada's textbook of gastroenterology Volume 1 _h[electronic resource]/ _cedited by Daniel K. Podolsky, Michael Camilleri, J. Gregory Fitz, Anthony N. Kalloo, Fergus Shanahan, Timothy C. Wang. |
| 246 | 3 | _aTextbook of gastroenterology. | |
| 250 | _a6th ed. | ||
| 256 | _aElectronic data. | ||
| 260 |
_aChichester, West Sussex ; _aHoboken, NJ : _bJohn Wiley & Sons Inc., _c2016. |
||
| 300 | _a1536 p. index 151 p. | ||
| 490 | 0 | _aSTAT!Ref electronic medical library. | |
| 500 | _aEINSTEIN & MMC: available online via Stat!Ref. See Reference staff for assistance. | ||
| 538 | _aMode of access: World Wide Web. | ||
| 650 | 1 | 2 | _aGastrointestinal Diseases. |
| 653 | _aგასტროენტეროლოგია | ||
| 655 | 7 | _aElectronic books. | |
| 700 | 1 | _aPodolsky, Daniel Kalman. | |
| 710 | 2 | _aSTAT!Ref (Online service) | |
| 710 | 2 | _aTeton Data Systems (Firm) | |
| 856 | 4 | 0 |
_3Stat!Ref _uhttps://elibrary.einsteinmed.org/login?url=https://online.statref.com/document.aspx?FxId=373&DocID=1&grpalias=AECM _zEINSTEIN: Stat!Ref ebook collection |
| 856 | 4 | 1 |
_3Stat!Ref _uhttps://online.statref.com/Document.aspx?grpalias=MNYLC&FxId=373 _zMMC: Stat!Ref ebook collection |
| 942 |
_2udc _cBK _e6 |
||
| 999 |
_c252 _d252 |
||